| 000 | 00471nam a2200181Ia 4500 | ||
|---|---|---|---|
| 008 | 240925s9999 xx 000 0 und d | ||
| 020 | _a9788131705094 | ||
| 082 | _a621.31042 GHO | ||
| 100 | _aGhosh, Smarajit | ||
| 245 | 0 | _aElectrical Machines | |
| 250 | _aNA | ||
| 260 |
_aNew Delhi: _bPearson Education _c,2005. |
||
| 300 |
_aVarious pages _bN.A _fOriginal |
||
| 500 | _aIncludes Index | ||
| 600 | _aElectrical Engineering | ||
| 650 | _aTechnology | ||
| 942 | _cBK | ||
| 999 |
_c11157 _d11157 |
||